Capitales que empiezan con la misma letra que el país. - Estadísticas

Estadísticas generales
  • Esta prueba ha sido intentada 43 veces
  • La puntuación promedio es 21 de 24
Estadísticas de respuestas
CONTINENTE PAÍS CAPITAL % Correcto
ÁMERICA Brasil Brasilia
100%
EUROPA Bélgica Bruselas
100%
Ciudad del Vaticano Ciudad del Vaticano
100%
Luxemburgo Luxemburgo
100%
Mónaco Mónaco
100%
Andorra Andorra la Vieja
97%
Egipto El Cairo
97%
San Marino San Marino
97%
Túnez Túnez
97%
ÁFRICA Argelia Argel
94%
Yibuti Yibuti
94%
Kuwait Kuwait
92%
Singapur Singapur
89%
Taiwan Taipei
89%
Guyana Georgetown
86%
Santo Tomé y Principe Santo Tomé
86%
Belice Belmopan
81%
Barbados Bridgetown
75%
Maldivas Malé
75%
Mozambique Maputo
75%
ASIA Brunei Bandar Seri Begawan
69%
Niger Niamey
69%
OCEANÍA Papúa Nueva Guinea Port Moresby
67%
Sri Lanka SriJayawardenapura Kotte
64%
No se encontraron pruebas coincidentes
Distribución de puntuación
Porcentaje de gente con cada puntuación
Porcentaje por número respondido
Historial de tus puntuaciones
No has intentado esta prueba.